Elektronické registračné pokladne
Význam elektronických registračných pokladníc (ERP) pre maloobchodné predajne z hľadiska evidencie, výkazníctva a kontroly. Slovník základných pojmov. ERP a jej časti. Programovanie a príprava pokladne. Registrácia. Účtenka a kontrolná páska. Systémové ERP pre maloobchodné prevádzky. Informačné syst...
Salvato in:
| Autore principale: | |
|---|---|
| Natura: | Capitolo di libro |
| Lingua: | slovacco |
| Soggetti: | |
| Tags: |
Nessun Tag, puoi essere il primo ad aggiungerne!!
|
MARC
| LEADER | 00000naa a2200000 4500 | ||
|---|---|---|---|
| 001 | r024255 | ||
| 005 | 20221213113737.2 | ||
| 041 | 0 | |a slo | |
| 044 | |a SK | ||
| 245 | 1 | 0 | |a Elektronické registračné pokladne |c F. Oravec |
| 520 | |a Význam elektronických registračných pokladníc (ERP) pre maloobchodné predajne z hľadiska evidencie, výkazníctva a kontroly. Slovník základných pojmov. ERP a jej časti. Programovanie a príprava pokladne. Registrácia. Účtenka a kontrolná páska. Systémové ERP pre maloobchodné prevádzky. Informačné systémy pre maloobchodné predajne, supermarkety a obchodné domy. Siete ERP. Čiarové kódy. Platobné karty. Elektronické váhy. | ||
| 610 | 2 | 0 | |a pokladnice kontrolné |
| 610 | 2 | 0 | |a elektronika |
| 610 | 2 | 0 | |a tržby |
| 610 | 2 | 0 | |a evidencia |
| 610 | 2 | 0 | |a maloobchod |
| 610 | 2 | 0 | |a výkazy účtovné |
| 610 | 2 | 0 | |a kontrola |
| 610 | 2 | 0 | |a programovanie |
| 610 | 2 | 0 | |a supermarkety |
| 610 | 2 | 0 | |a domy obchodné |
| 610 | 2 | 0 | |a kódy čiarové |
| 610 | 2 | 0 | |a kódy |
| 610 | 2 | 0 | |a karty platobné |
| 610 | 2 | 0 | |a systémy informačné |
| 100 | 1 | |a Oravec, František | |